Guess the Valorant Agent - Trivia - Statistics

General Stats
  • This quiz has been taken 724 times
  • The average score is 12 of 23
Answer Stats
Name the only Valorant Agent who... Answer % Correct
knows EXACTLY where you are Cypher
84%
is in a relationship with Killjoy Raze
80%
has an ability that can both heal and damage Phoenix
73%
was the last sentinel to be released Deadlock
70%
has a younger sister Reyna
69%
has a Pocket Guardian Chamber
66%
loves knitting Omen
61%
has a passive that shows up in the buy menu Jett
60%
stands the tallest at a clean 2m Breach
53%
has an ability called Ruse Clove
53%
is from a country whose name starts with P Neon
53%
has a name meaning "night" in his native language Yoru
53%
has cat paws on the soles of her shoes Fade
51%
has the most expensive ability loadout (beside Chamber) Sage
51%
has the ability with the most charges Astra
46%
was the first one to be released AFTER launch Killjoy
46%
is Perry2N's main Brimstone
41%
has the numbers 16 12 1 14 20 on her player model Skye
40%
has an ability with its own voice-actor Gekko
39%
is the only one left KAY/O
39%
was initially conceived as a female character Sova
39%
has a weapon skin called Mythmaker Iso
33%
should NEVER be the only one of their role, but are strong when played together {Harbor} and {Viper}
29%
No matching quizzes found
Score Distribution
Percent of People with Each Score
Percentile by Number Answered
Your Score History
You have not taken this quiz